Sports Quiz

Random Sports or MLB Quiz

AL Cy Young Winners (1985-2012) Quiz Stats

 Plays Quiz not verified by Sporcle

Challenge
Share
Tweet
Embed
Score 0/20 Timer 05:00
0 Plays Today
% Correct
Justin Verlander
98.6%
Roger Clemens
98.4%
Pedro Martinez
98.3%
Johan Santana
96.6%
Roy Halladay
96.4%
Felix Hernandez
93.7%
Barry Zito
93.5%
Randy Johnson
92.1%
Dennis Eckersley
91.9%
Zack Greinke
91.9%
% Correct
C.C. Sabathia
91.6%
David Price
90.1%
Cliff Lee
88.7%
Bartolo Colon
86.6%
Bret Saberhagen
83.4%
David Cone
71.8%
Jack McDowell
70.4%
Frank Viola
63.2%
Bob Welch
62.4%
Pat Hentgen
59.6%

You're not logged in!

Compare scores with friends on all Sporcle quizzes.
OR
Log In

You Might Also Like...

Show Comments

Extras

Top Quizzes Today


Score Distribution

Your Account Isn't Verified!

In order to create a playlist on Sporcle, you need to verify the email address you used during registration. Go to your Sporcle Settings to finish the process.

Report this User

Report this user for behavior that violates our Community Guidelines.

Details: